=LDR 00000nam 2200000 4500 =001 INLIS000000000053525 =005 20231023111059 =035 ##$$a 0010-1018000140 =245 1#$$a Hukum Perseroan Terbatas, Yayasan da wakaf /$c Rochmat Soemitro =100 1#$$a Soemitro, Rochmat =250 ##$$a Ed. 1 =300 ##$$a 600 hlm. ; $c 19 x 13 cm =260 ##$$a Jakarta :$b Sinar Grafika,$c 2013 =082 ##$$a 338.74 =084 ##$$a 338.74 SOE h =020 ##$$a 978-979-007-267-1 =650 #4$$a Perseroan terbatas aspek hukum =008 231023################g##########0#ind## =990 ##$$a 00056523 =990 ##$$a 00056523